000 01077nam a2200253Ia 4500
003 OSt
005 20221005105142.0
006 a|||||r|||| 00| 0
007 ta
008 221004b |||||||| |||| 00| 0 hin d
020 _a9788179752197 (hbk)
_c650
024 _a100028
037 _b400, 22/03/2010, Swaraj Prakashan
_cTextual
040 _aCRL
_cCRL
_bhin
041 _2hin
_ahin
082 _aX:3Mv2'N, 152L7;P8
100 _aबिपन चंद्र
245 0 _aभारत में आर्थिक राष्ट्रवाद का उद्भव और विकास
246 _aBhārat mean ārthik rāṣhṭravād kā udbhav aur vikāsa
260 _aनई दिल्ली
_bअनामिका पब्लिशर्स एंड डिस्ट्रीब्यूटर्स प्रा़. लिमिटेड भारत
_c2008
300 _a371पृ0
_ccm.
942 _hX:3Mv2'N, 152L7;P8
_cTEXL
_2cc
999 _c1014947
_d1014947